LEADER 01459nam a2200301 4500 001 000000331878 003 CaOOAMICUS 005 20190207094345.0 008 190107s1995 gw 000 u ger r 020 $a3-596-42217-5 040 $aSeMil$bita 100 1 $aBettelheim, Bruno,$d<1903-1990>.$0(OLS)http://semarc/name/17034 245 10$aAufstand gegen die Masse :$bdie Chance des Individuums in der modernen Gesellschaft /$cBruno Bettelheim. 264 1$aFrankfurt am Main :$bFischer Taschenbuch,$c1995. 300 $a331 p. ;$c19 cm 490 1 $aFischer Taschenbuch ;$v42217 490 0 $aGeist und Psyche 650 4$aCampi di concentramento - Germania - 1939-1945 - Psicologia.$0(OLS)http://semarc/subject/48052 650 4$aPsicologia sociale.$0(OLS)http://semarc/subject/627 650 4$aAlienazione - Psicologia.$0(OLS)http://semarc/subject/31060 830 0$aGeist und Psyche.$0(OLS)http://semarc/title/420619 830 0$aFischer Taschenbücher ;$v42217.$0(OLS)http://semarc/title/25523 850 $aSeMil 852 $aSeMil$W1$xVenegono$y1$m2O I 451$j210303$B223831$CSeMilBibl$Z2$F223831 $81 996 $6020$a3-596-42217-5$9(OLS)http://semarc/number/286056 996 $6245$aAufstand gegen die Masse :$bdie Chance des Individuums in der modernen Gesellschaft$9(OLS)http://semarc/title/420600 996 $6264$aFrankfurt am Main :$bFischer Taschenbuch$9(OLS)http://semarc/publisher/52463 LEADER 00991nam a2200241 i 4500 001 000000072989 003 CaOOAMICUS 005 20090506000000.0 008 090506s1939 fr u000 u fre u 013 $a44161 040 $aSeMil$bita 100 1 $aLecomte du Noüy, Pierre <1883-1947>.$0(OLS)http://semarc/name/36137 245 12$aL'homme devant la science /$cLecomte du Noüy. 260 $aParis :$bFlammarion,$cc1939. 300 $a280 p. ;$c19 cm. 490 0 $aBibliothèque de philosophie scientifique 650 4$aScienza - Filosofia.$0(OLS)http://semarc/subject/13264 650 4$aProbabilità.$0(OLS)http://semarc/subject/14109 830 0$aBibliothèque de philosophie scientifique.$0(OLS)http://semarc/title/26189 850 $aSeMil 852 $aSeMil$W1$xVenegono$y1$m2Q III 223$j39142$B39142$CSeMilBibl$Z2$F39145 $81 996 $6245$aL'homme devant la science$9(OLS)http://semarc/title/117802 996 $6260$aParis :$bFlammarion$9(OLS)http://semarc/publisher/30425